Lady Gaga Quotes - Statistics

General Stats
  • This quiz has been taken 633 times
  • The average score is 12 of 15
Answer Stats
Hint Answer % Correct
"Let’s have some fun this beat is sick" LoveGame
96%
"Don't be a drag - just be a queen" Born This Way
95%
"Walk, walk fashion baby" Bad Romance
94%
"Russian Roulette is not the same without a gun" Poker Face
94%
"You know that I love you boy hot like Mexico" Alejandro
91%
"Promise I'll be kind but I won't stop until that boy is mine" Paparazzi
89%
"Aphrodite lady seashell bikini, garden panty" Venus
83%
"One second I'm a Koons, then suddenly the Koons is me" Applause
80%
"Squealer, squealer, squealer, you’re so disgusting" Swine
73%
"Kiss me if offended or wear ear condom next time" Judas
70%
"I'm gonna lace up my boots, throw on some leather and cruise" Marry the Night
70%
"Silicone, saline, poison inject me" Dance in the Dark
69%
"I'm gonna drink my tears tonight" Government Hooker
60%
"Heard you boyfriend was away this weekend. Wanna meet at my place?" Sexxx Dreams
60%
"You can't have my heart and you won’t use my mind" Do What U Want
59%
No matching quizzes found
Score Distribution
Percent of People with Each Score
Percentile by Number Answered
Your Score History
You have not taken this quiz